Surveyors' Institution and Middlesex Guildhall (Record no. 116324)
[ view plain ]
| 000 -LEADER | |
|---|---|
| fixed length control field | 00640cam a22002175a 4500 |
| 001 - CONTROL NUMBER | |
| control field | L140471 |
| 008 - FIXED-LENGTH DATA ELEMENTS--GENERAL INFORMATION | |
| fixed length control field | 070924s1909 xxk eng u |
| 035 ## - SYSTEM CONTROL NUMBER | |
| System control number | (Sirsi) u140471 |
| 041 0# - LANGUAGE CODE | |
| Language code of text/sound track or separate title | eng |
| 100 1# - MAIN ENTRY--PERSONAL NAME | |
| Personal name | Clarke, H. Chatfield |
| 245 00 - TITLE STATEMENT | |
| Title | Surveyors' Institution and Middlesex Guildhall |
| Medium | [manuscript] |
| 255 ## - CARTOGRAPHIC MATHEMATICAL DATA | |
| Statement of scale | Scale 1:96 |
| 260 ## - PUBLICATION, DISTRIBUTION, ETC. | |
| Date of publication, distribution, etc. | 1909 |
| 300 ## - PHYSICAL DESCRIPTION | |
| Extent | 2 sheets |
| Other physical details | col., rolled |
| Dimensions | 49 x 70 cm. and 51 x 76 cm. |
| 340 ## - PHYSICAL MEDIUM | |
| Material base and configuration | Ink on linen; paper |
| 351 ## - ORGANIZATION AND ARRANGEMENT OF MATERIALS | |
| Hierarchical level | Single item |
| 500 ## - GENERAL NOTE | |
| General note | One drawing is in ink on linen, with some colour; the other is a copy on paper. |
| 651 4# - SUBJECT ADDED ENTRY--GEOGRAPHIC NAME | |
| Geographic name | London |
| 690 ## - LOCAL SUBJECT ADDED ENTRY--TOPICAL TERM (OCLC, RLIN) | |
| Topical term or geographic name as entry element | ABOUT RICS |
| 942 ## - ADDED ENTRY ELEMENTS (KOHA) | |
| Suppress in OPAC | 0 |
| Withdrawn status | Lost status | Source of classification or shelving scheme | Damaged status | Not for loan | Home library | Current library | Shelving location | Date acquired | Total Checkouts | Full call number | Barcode | Date last seen | Copy number | Price effective from | Koha item type |
|---|---|---|---|---|---|---|---|---|---|---|---|---|---|---|---|
| Dewey Decimal Classification | Historic collection | Historic collection | Historic collection | 24/09/2007 | MAP CABINET DRAWER 1 | 140471-2001 | 06/08/2019 | 1 | 06/08/2019 | Archive |